[Event "Scarborough CC Howard Ridout"]
[Site "Toronto CAN"]
[Date "2011.10.20"]
[Round "5"]
[White "Fan, Yibing"]
[Black "Huston, Scott"]
[Result "1-0"]
[WhiteElo "1727"]
[BlackElo "1857"]
[PlyCount "65"]
[GameId "2160767909648612"]
[EventDate "2011.09.08"]
[EventType "swiss"]
[EventRounds "6"]
[EventCountry "CAN"]

1. d4 Nf6 2. c4 e6 3. Nc3 Bb4 4. e3 O-O 5. Bd3 c5 6. Nge2 b6 7. d5 Bb7 8. e4 exd5 9. cxd5 c4 10. Bc2 Re8 11. O-O Na6 12. Bg5 h6 13. Bh4 g5 14. Bg3 Nh5 15. a3 Nxg3 16. Nxg3 Bxc3 17. bxc3 Qf6 18. Nf5 Nc5 19. Re1 Nd3 20. Bxd3 cxd3 21. Qxd3 Rac8 22. Rac1 Rc5 23. Qh3 Kh7 24. e5 Qg6 25. Nd6 Rb8 26. c4 g4 27. Qe3 Kg7 28. Qf4 h5 29. f3 gxf3 30. Qxf3 Ba8 31. Qh3 Rf8 32. Re3 Kh7 33. Rg3 1-0

[Event "Scarborough CC Howard Ridout"]
[Site "Toronto CAN"]
[Date "2011.10.20"]
[Round "5"]
[White "Krupka, David"]
[Black "Paterson, Jim"]
[Result "1-0"]
[WhiteElo "2002"]
[BlackElo "1827"]
[PlyCount "47"]
[GameId "2160767909648613"]
[EventDate "2011.09.08"]
[EventType "swiss"]
[EventRounds "6"]
[EventCountry "CAN"]

1. e4 Nc6 2. Nf3 d6 3. d4 Nf6 4. Nc3 g6 5. h3 Bg7 6. Be3 O-O 7. Qd2 e5 8. d5 Ne7 9. O-O-O a6 10. Ne1 b5 11. f3 Bd7 12. g4 Qb8 13. h4 b4 14. Ne2 h5 15. Ng3 Kh7 16. gxh5 gxh5 17. Bg5 Neg8 18. Bh3 Bxh3 19. Rxh3 Rc8 20. Nf5 Bf8 21. Bxf6 Nxf6 22. Qg5 c6 23. Qxf6 Ra7 24. Rg3 1-0

[Event "Scarborough CC Howard Ridout"]
[Site "Toronto CAN"]
[Date "2011.10.20"]
[Round "5"]
[White "Lamb, Bryan"]
[Black "Southam, David"]
[Result "0-1"]
[WhiteElo "2145"]
[BlackElo "2102"]
[PlyCount "68"]
[GameId "2160767909648614"]
[EventDate "2011.09.08"]
[EventType "swiss"]
[EventRounds "6"]
[EventCountry "CAN"]

1. d4 Nf6 2. Nc3 d5 3. Bg5 e6 4. e4 Be7 5. e5 Nfd7 6. Bxe7 Qxe7 7. f4 a6 8. Nf3 c5 9. Be2 Nc6 10. g3 b5 11. Qd2 f6 12. exf6 Nxf6 13. a3 O-O 14. O-O-O b4 15. axb4 cxb4 16. Na4 Ne4 17. Qe3 Qc7 18. b3 Ne7 19. Nd2 Nf5 20. Qg1 Nc3 21. Nxc3 Qxc3 22. Nb1 Qc7 23. Bd3 a5 24. Bxf5 Rxf5 25. Qe3 a4 26. bxa4 Rxa4 27. h4 Rf8 28. h5 h6 29. Rdf1 Bd7 30. Rf2 Rc8 31. Qb3 Qa7 32. f5 exf5 33. Qxd5+ Kh8 34. Re1 Ra5 0-1

[Event "Scarborough CC Howard Ridout"]
[Site "Toronto CAN"]
[Date "2011.10.20"]
[Round "5"]
[White "Manalo, Pepin"]
[Black "Sharpe, Sam"]
[Result "0-1"]
[WhiteElo "1820"]
[BlackElo "1914"]
[PlyCount "62"]
[GameId "2160767909648615"]
[EventDate "2011.09.08"]
[EventType "swiss"]
[EventRounds "6"]
[EventCountry "CAN"]

1. e4 d5 2. d4 dxe4 3. Nc3 Nf6 4. Bc4 e6 5. Nge2 Be7 6. Ng3 Bd7 7. Ncxe4 Bc6 8. f3 Nbd7 9. Be3 h5 10. Qd2 h4 11. Nxf6+ Nxf6 12. Ne2 h3 13. Ng3 Nd5 14. Rg1 hxg2 15. Rxg2 Nxe3 16. Qxe3 Bg5 17. Qd3 Bf4 18. Kf2 Qh4 19. d5 O-O-O 20. Re1 Bxd5 21. Bxd5 Rxd5 22. Qb3 Rd2+ 23. Re2 Rhd8 24. Kg1 Rd1+ 25. Kf2 R8d2 26. Rxd2 Rxd2+ 27. Kf1 Qh3 28. Ne2 Rxe2 29. Kxe2 Qxg2+ 30. Ke1 Qd2+ 31. Kf1 Be3 0-1

[Event "Scarborough CC Howard Ridout"]
[Site "Toronto CAN"]
[Date "2011.10.20"]
[Round "5"]
[White "Song, Lin"]
[Black "Posaratnanathan, Juliaan"]
[Result "0-1"]
[WhiteElo "1837"]
[BlackElo "1820"]
[PlyCount "50"]
[GameId "2160767909648616"]
[EventDate "2011.09.08"]
[EventType "swiss"]
[EventRounds "6"]
[EventCountry "CAN"]

1. e4 c5 2. Na3 e6 3. c3 d5 4. e5 Nc6 5. d4 cxd4 6. cxd4 Bb4+ 7. Bd2 Bxa3 8. bxa3 Nxd4 9. Qa4+ Nc6 10. Nf3 Nge7 11. Qg4 O-O 12. Bd3 Ng6 13. Qh5 Qe7 14. Ng5 h6 15. Nf3 Bd7 16. g4 Qxa3 17. Ke2 Qb2 18. Bxg6 fxg6 19. Qh3 Nxe5 20. Rhb1 Bb5+ 21. Kd1 Ba4+ 22. Ke2 Qa3 23. Ng1 Rf3 24. Nxf3 Qd3+ 25. Ke1 Nxf3+ 0-1

[Event "Scarborough CC Howard Ridout"]
[Site "Toronto CAN"]
[Date "2011.10.20"]
[Round "5"]
[White "Stavropoulos, Greg"]
[Black "Uddin, Mohammad"]
[Result "0-1"]
[WhiteElo "1850"]
[BlackElo "1778"]
[PlyCount "79"]
[GameId "2160767909648617"]
[EventDate "2011.09.08"]
[EventType "swiss"]
[EventRounds "6"]
[EventCountry "CAN"]

1. Nf3 Nf6 2. c4 e6 3. g3 d5 4. Bg2 Be7 5. O-O O-O 6. Qc2 Nbd7 7. d3 c6 8. b3 Qc7 9. Bb2 Bd6 10. Nbd2 Re8 11. e4 dxe4 12. dxe4 e5 13. a3 b6 14. h3 Bb7 15. Rfe1 Nf8 16. Nf1 Rad8 17. Ne3 g6 18. b4 Ne6 19. Rac1 Qb8 20. Red1 Bc7 21. Ng4 Nxg4 22. hxg4 c5 23. b5 Nd4 24. Bxd4 exd4 25. Ne1 Qc8 26. Bf3 Qe6 27. Qa4 Bxe4 28. Qxa7 Bxf3 29. Nxf3 Qc8 30. Rd3 Re2 31. Kf1 Rb2 32. Re1 Rd7 33. Qa4 Qb8 34. Ng5 Bd6 35. Qd1 Ra7 36. Qf3 Qf8 37. Kg2 Re7 38. Ne4 Re6 39. g5 Qe7 40. Rh1 0-1

[Event "Scarborough CC Howard Ridout"]
[Site "Toronto CAN"]
[Date "2011.10.27"]
[Round "6"]
[White "Bao, Stephen"]
[Black "Krupka, David"]
[Result "0-1"]
[WhiteElo "1820"]
[BlackElo "2002"]
[PlyCount "46"]
[GameId "2160767909648618"]
[EventDate "2011.09.08"]
[EventType "swiss"]
[EventRounds "6"]
[EventCountry "CAN"]

1. d4 Nf6 2. c4 g6 3. Nc3 Bg7 4. e4 d6 5. f3 O-O 6. Be3 Nc6 7. Nge2 a6 8. Qd2 Rb8 9. Ng3 Nd7 10. Be2 e5 11. d5 Nd4 12. O-O c5 13. f4 exf4 14. Bxf4 Ne5 15. Bd3 b5 16. Rab1 bxc4 17. Bxe5 Bxe5 18. Bxc4 Qh4 19. Nce2 Nxe2+ 20. Qxe2 Bg4 21. Qc2 f5 22. exf5 Bxf5 23. Bd3 Qd4+ 0-1

[Event "Scarborough CC Howard Ridout"]
[Site "Toronto CAN"]
[Date "2011.10.27"]
[Round "6"]
[White "Casareno, Erwin"]
[Black "Bellissimo, Joseph"]
[Result "0-1"]
[WhiteElo "2218"]
[BlackElo "1877"]
[PlyCount "90"]
[GameId "2160767909648619"]
[EventDate "2011.09.08"]
[EventType "swiss"]
[EventRounds "6"]
[EventCountry "CAN"]

1. d4 Nf6 2. c4 e6 3. Nf3 d5 4. Nc3 Be7 5. e3 O-O 6. Bd3 b6 7. O-O Bb7 8. Qe2 Nbd7 9. Rd1 c5 10. Ne5 Qc7 11. f4 Ne4 12. cxd5 exd5 13. Nxd7 Nxc3 14. bxc3 Qxd7 15. e4 dxe4 16. Bxe4 Bxe4 17. Qxe4 cxd4 18. cxd4 Bf6 19. Be3 Rfe8 20. Qf3 Rad8 21. Rac1 Qe6 22. Bf2 Qxa2 23. Ra1 Qb2 24. d5 Rd7 25. Qg4 Rxd5 26. Rxd5 Qxa1+ 27. Rd1 Qa4 28. g3 h6 29. Rc1 Bd4 30. Qf3 Qb4 31. Rd1 Re1+ 32. Kg2 Rxd1 33. Qxd1 Bxf2 34. Kxf2 a5 35. Qd8+ Kh7 36. Qd7 Qc5+ 37. Kg2 Qc2+ 38. Kf3 Qb3+ 39. Kg2 a4 40. h4 a3 41. h5 Qa2+ 42. Kf3 Qb3+ 43. Kg2 Qc2+ 44. Kh3 a2 45. Qd4 Qb1 0-1

[Event "Scarborough CC Howard Ridout"]
[Site "Toronto CAN"]
[Date "2011.10.27"]
[Round "6"]
[White "Huston, Scott"]
[Black "Triefeldt, Jack"]
[Result "1-0"]
[WhiteElo "1857"]
[BlackElo "1774"]
[PlyCount "120"]
[GameId "2160767909648620"]
[EventDate "2011.09.08"]
[EventType "swiss"]
[EventRounds "6"]
[EventCountry "CAN"]

1. d4 d6 2. c4 Nd7 3. Nc3 e5 4. Nf3 Ngf6 5. dxe5 dxe5 6. Bg5 Be7 7. Qa4 c6 8. O-O-O Qb6 9. Bxf6 Bxf6 10. Ne4 Be7 11. e3 O-O 12. Nd6 Bxd6 13. Rxd6 Qc5 14. Rd2 b5 15. Qc2 a6 16. Ng5 Nf6 17. Bd3 g6 18. h4 Be6 19. Nxe6 fxe6 20. h5 e4 21. Bxe4 Nxe4 22. Qxe4 Qxc4+ 23. Qxc4 bxc4 24. hxg6 hxg6 25. Rh4 Rad8 26. Rxd8 Rxd8 27. Rxc4 Rc8 28. Rd4 Kf7 29. Rd7+ Kf6 30. Kd2 Rb8 31. Kc3 Rb5 32. f4 a5 33. a4 Rb4 34. Rd4 Rb8 35. Rc4 Rc8 36. Rc5 Rh8 37. Rxa5 Rh2 38. g4 Re2 39. g5+ Ke7 40. Re5 Kd6 41. a5 c5 42. a6 Re1 43. Kc4 Ra1 44. b3 Rxa6 45. Rxc5 Ra1 46. b4 Rc1+ 47. Kb5 Re1 48. Rc3 Rb1 49. Kc4 Rb2 50. b5 Kc7 51. Rb3 Rd2 52. b6+ Kb7 53. Kc5 Rd5+ 54. Kc4 Rd1 55. Kb5 Rd6 56. e4 Rd1 57. Kc5 Rd2 58. Rb4 Rf2 59. Kd6 Rxf4 60. Kxe6 Rf1 1-0

[Event "Scarborough CC Howard Ridout"]
[Site "Toronto CAN"]
[Date "2011.10.27"]
[Round "6"]
[White "Moran-Venegas, Mario"]
[Black "Stavropoulos, Greg"]
[Result "1-0"]
[WhiteElo "1765"]
[BlackElo "1850"]
[PlyCount "41"]
[GameId "2160767909648621"]
[EventDate "2011.09.08"]
[EventType "swiss"]
[EventRounds "6"]
[EventCountry "CAN"]

1. e4 c5 2. Nf3 e6 3. d4 cxd4 4. Nxd4 a6 5. Nc3 Qc7 6. Be3 Nf6 7. a3 b5 8. f3 Bb7 9. Qd2 Nc6 10. Be2 Rd8 11. O-O d5 12. exd5 Nxd5 13. Nxd5 Rxd5 14. Qc3 Bd6 15. Nxc6 Bxc6 16. Qxg7 Bxh2+ 17. Kh1 Be5 18. Qh6 Bxb2 19. Rab1 Bd4 20. Bxd4 Rxd4 21. Qf6 1-0

[Event "Scarborough CC Howard Ridout"]
[Site "Toronto CAN"]
[Date "2011.10.27"]
[Round "6"]
[White "Paterson, Jim"]
[Black "Manalo, Pepin"]
[Result "0-1"]
[WhiteElo "1827"]
[BlackElo "1825"]
[PlyCount "100"]
[GameId "2160767909648622"]
[EventDate "2011.09.08"]
[EventType "swiss"]
[EventRounds "6"]
[EventCountry "CAN"]

1. d4 d5 2. Nc3 Nf6 3. Bg5 Nbd7 4. f3 h6 5. Bh4 g5 6. Bf2 Bg7 7. Qd2 c6 8. e3 Qb6 9. Na4 Qd8 10. Bd3 b5 11. Nc3 Nb6 12. b3 a5 13. a3 O-O 14. Nge2 Re8 15. h4 g4 16. O-O gxf3 17. gxf3 Bh3 18. Rfe1 Kh8 19. Nf4 Qd7 20. Kh2 Bf5 21. e4 dxe4 22. Nxe4 Nxe4 23. Bxe4 Rad8 24. Nh5 Be5+ 25. Kh1 Bh7 26. Bg3 Qh3+ 27. Qh2 Qxh2+ 28. Bxh2 Bxh2 29. Bxh7 Kxh7 30. Kxh2 Kg6 31. Nf4+ Kf5 32. Ne2 e6 33. Ng3+ Kf6 34. Re4 Rg8 35. Rae1 Rd5 36. Rf4+ Kg6 37. Re5 Rg7 38. Rg4+ Kh7 39. Rxg7+ Kxg7 40. Nh5+ Kf8 41. c3 a4 42. bxa4 bxa4 43. Nf4 Rxe5 44. dxe5 Nc4 45. Nd3 Nxa3 46. Nb4 c5 47. Nd3 Nc4 48. Nxc5 a3 49. f4 Kg7 50. h5 Nd2 0-1

[Event "Scarborough CC Howard Ridout"]
[Site "Toronto CAN"]
[Date "2011.10.27"]
[Round "6"]
[White "Picana, Andrew"]
[Black "Wiebe, Daniel"]
[Result "1-0"]
[WhiteElo "2073"]
[BlackElo "1996"]
[PlyCount "93"]
[GameId "2160767909648623"]
[EventDate "2011.09.08"]
[EventType "swiss"]
[EventRounds "6"]
[EventCountry "CAN"]

1. Nf3 Nf6 2. c4 g6 3. Nc3 d5 4. cxd5 Nxd5 5. d4 Bg7 6. e4 Nxc3 7. bxc3 O-O 8. Bc4 c5 9. Be3 Nc6 10. O-O Bg4 11. e5 cxd4 12. cxd4 Bxf3 13. gxf3 e6 14. f4 Qh4 15. Qf3 Rfd8 16. Rfd1 Rac8 17. Bf1 Bh6 18. Bg2 b6 19. Rac1 Ne7 20. Rxc8 Rxc8 21. Qg3 Qxg3 22. hxg3 Nf5 23. d5 Nxe3 24. fxe3 exd5 25. Bxd5 Rc3 26. Kf2 Bf8 27. e4 Bc5+ 28. Kg2 Kf8 29. Bb3 b5 30. Rd7 Ke8 31. Rb7 Bb6 32. Bxf7+ Kd8 33. Bb3 Rc7 34. Rb8+ Rc8 35. Rxc8+ Kxc8 36. Bg8 h6 37. Kf3 Bd4 38. e6 Kd8 39. e5 g5 40. Ke4 gxf4 41. gxf4 Bc3 42. Bf7 Ke7 43. f5 a5 44. f6+ Kf8 45. Kd5 b4 46. Bh5 a4 47. e7+ 1-0

[Event "Scarborough CC Howard Ridout"]
[Site "Toronto CAN"]
[Date "2011.10.27"]
[Round "6"]
[White "Southam, David"]
[Black "Posaratnanathan, Juliaan"]
[Result "1-0"]
[WhiteElo "2102"]
[BlackElo "1820"]
[PlyCount "67"]
[GameId "2160767909648624"]
[EventDate "2011.09.08"]
[EventType "swiss"]
[EventRounds "6"]
[EventCountry "CAN"]

1. d4 Nf6 2. c4 e6 3. Nc3 Bb4 4. e3 O-O 5. Nge2 d5 6. a3 Be7 7. cxd5 exd5 8. b4 Bf5 9. Ng3 Bg6 10. Be2 Nbd7 11. O-O Nb6 12. b5 Nc8 13. a4 Bb4 14. Qb3 Bxc3 15. Qxc3 Nd6 16. f3 Re8 17. Bd2 h5 18. Rfc1 Rc8 19. Be1 Qe7 20. Bf2 c6 21. Qd2 cxb5 22. axb5 Rxc1+ 23. Rxc1 Rc8 24. Nf1 Rxc1 25. Qxc1 Qd7 26. Qc5 Nc8 27. Bg3 b6 28. Qb4 Ne7 29. Bh4 Nf5 30. Bxf6 gxf6 31. Kf2 Nh6 32. Qb3 h4 33. Qc3 Bf5 34. Nd2 1-0

[Event "Scarborough CC Howard Ridout"]
[Site "Toronto CAN"]
[Date "2011.10.27"]
[Round "6"]
[White "Uddin, Mohammad"]
[Black "Song, Lin"]
[Result "1-0"]
[WhiteElo "1778"]
[BlackElo "1837"]
[PlyCount "99"]
[GameId "2160767909648625"]
[EventDate "2011.09.08"]
[EventType "swiss"]
[EventRounds "6"]
[EventCountry "CAN"]

1. e4 c5 2. Nf3 Nc6 3. d4 cxd4 4. Nxd4 e5 5. Nb5 d6 6. N1c3 a6 7. Na3 Be7 8. Nd5 Nf6 9. Bd3 Nxd5 10. exd5 Qa5+ 11. c3 Qxd5 12. O-O Qe6 13. f4 Qd7 14. Nc4 Qc7 15. fxe5 Nxe5 16. Nxe5 dxe5 17. Qh5 Be6 18. Re1 Bf6 19. Be4 O-O-O 20. Qf3 Kb8 21. Be3 h5 22. a4 Bh4 23. Rf1 Rd7 24. g3 Bf6 25. a5 Bh3 26. Bb6 Qc8 27. Rfe1 Bd8 28. Bf2 Bg5 29. Bb6 Bg4 30. Qf2 g6 31. Bg2 f6 32. h4 Rd2 33. Qf1 Rf8 34. Ra4 Bh6 35. Rb4 Rf7 36. Bf2 Qd7 37. Qxa6 Qc8 38. Qa7+ Kc7 39. Rc4+ Kd8 40. Rxc8+ Kxc8 41. Qa8+ Kd7 42. Qxb7+ Ke8 43. Qa8+ Rd8 44. Bc6+ Bd7 45. Bxd7+ Rfxd7 46. Qc6 Kf7 47. a6 Rd6 48. Qc4+ Kg7 49. a7 g5 50. Qc7+ 1-0

[Event "Scarborough CC Howard Ridout"]
[Site "Toronto CAN"]
[Date "2011.10.27"]
[Round "6"]
[White "Ugodnikov, Arkadiy"]
[Black "Fan, Yibing"]
[Result "1/2-1/2"]
[WhiteElo "1842"]
[BlackElo "1727"]
[PlyCount "87"]
[GameId "2160767909648626"]
[EventDate "2011.09.08"]
[EventType "swiss"]
[EventRounds "6"]
[EventCountry "CAN"]

1. e4 c5 2. Nf3 Nc6 3. Bb5 Qb6 4. Nc3 e6 5. O-O g6 6. Bxc6 bxc6 7. d3 Bg7 8. e5 f5 9. Re1 Ne7 10. Na4 Qd8 11. Nxc5 h6 12. d4 g5 13. c4 Ng6 14. b3 g4 15. Nd2 h5 16. Nf1 h4 17. Nd3 Bb7 18. Nf4 Kf7 19. Nxg6 Kxg6 20. f3 gxf3 21. Qxf3 Qb6 22. c5 Qb4 23. Be3 Raf8 24. Rad1 Ba6 25. h3 Bd3 26. Nd2 Rh5 27. g4 hxg3 28. Qxg3+ Kf7 29. Kf2 f4 30. Bxf4 Qxd4+ 31. Kg2 Rfh8 32. Nf3 Qd5 33. Re3 Rxh3 34. Qxh3 Rxh3 35. Kxh3 Bf1+ 36. Rxf1 Qxc5 37. Ng5+ Ke8 38. Ref3 Bxe5 39. Bxe5 Qxe5 40. Rf8+ Ke7 41. R8f7+ Kd8 42. Rf8+ Kc7 43. Kh4 Qd4+ 44. R8f4 1/2-1/2

[Event "Scarborough CC Howard Ridout"]
[Site "Toronto CAN"]
[Date "2011.10.27"]
[Round "6"]
[White "Ward, Dean"]
[Black "Armstrong, Robert J"]
[Result "0-1"]
[WhiteElo "1842"]
[BlackElo "1712"]
[PlyCount "116"]
[GameId "2160767909648627"]
[EventDate "2011.09.08"]
[EventType "swiss"]
[EventRounds "6"]
[EventCountry "CAN"]

1. d4 g6 2. e4 Bg7 3. c3 d6 4. Bc4 Nf6 5. f3 O-O 6. Be3 Nc6 7. a3 e5 8. Ne2 Kh8 9. O-O Nd7 10. Nd2 f5 11. exf5 gxf5 12. Bd3 f4 13. Bf2 d5 14. dxe5 Ndxe5 15. Bc2 Bf5 16. Bxf5 Rxf5 17. Qc2 Qg5 18. Qb3 b6 19. Nd4 Rf6 20. Qxd5 Rd8 21. Qe4 Rg6 22. g3 fxg3 23. hxg3 Qxd2 24. Rad1 Qg5 25. Nxc6 Nxc6 26. Kg2 Qe5 27. Rxd8+ Nxd8 28. Qa8 Bf6 29. Re1 Qb5 30. Bd4 Qd7 31. Rd1 Bxd4 32. Rxd4 Rd6 33. Rxd6 cxd6 34. Qd5 Qe6 35. Qa8 Qe7 36. b4 Kg7 37. f4 Ne6 38. Qe4 Qf7 39. f5 Ng5 40. Qf4 Qa2+ 41. Kf1 Qb1+ 42. Kg2 Qe4+ 43. Qxe4 Nxe4 44. c4 Nd2 45. c5 dxc5 46. bxc5 bxc5 47. g4 a5 48. a4 Kf6 49. Kf2 Ne4+ 50. Ke3 Nc3 51. Kd3 Nxa4 52. Kc4 Nb6+ 53. Kxc5 Nd7+ 54. Kb5 Ne5 55. Kxa5 Nxg4 56. Kb4 h5 57. Kc3 h4 58. Kd2 h3 0-1

[Event "Scarborough CC Howard Ridout U1800"]
[Site "Toronto CAN"]
[Date "2011.09.08"]
[Round "?"]
[White "Karpik, Steve"]
[Black "Guo, Thomas"]
[Result "1-0"]
[WhiteElo "1425"]
[BlackElo "993"]
[PlyCount "58"]
[GameId "2160767909648628"]
[EventDate "2011.09.08"]
[EventType "swiss"]
[EventRounds "6"]
[EventCountry "CAN"]
[SourceTitle "EXT 2022"]
[Source "ChessBase"]
[SourceDate "2021.10.06"]
[SourceVersion "1"]
[SourceVersionDate "2021.10.06"]
[SourceQuality "1"]

1. Nf3 Nc6 2. g3 d5 3. Bg2 e5 4. d3 g6 5. O-O Bg7 6. a3 Nge7 7. Nc3 Bg4 8. Bd2 Qd7 9. Qc1 O-O-O 10. Rb1 Rhe8 11. e4 dxe4 12. Nxe4 f5 13. Nc5 Qd5 14. Ng5 Qxc5 15. Ne6 Qd6 16. Nxg7 Rg8 17. Bh6 Nd4 18. Kh1 Ne2 19. Qd2 f4 20. f3 g5 21. fxg4 fxg3 22. Qxe2 Qxh6 23. Nh5 gxh2 24. Rf6 Ng6 25. Qe4 Rd4 26. Qxb7+ Kd7 27. Bc6+ Kd8 28. Qb8+ Ke7 29. Qxg8 Rxg4 1-0

[Event "Scarborough CC Howard Ridout U1800"]
[Site "Toronto CAN"]
[Date "2011.09.08"]
[Round "1"]
[White "Aghamalian, Derick"]
[Black "Chen, George"]
[Result "1-0"]
[WhiteElo "1604"]
[BlackElo "1227"]
[PlyCount "69"]
[GameId "2160767909648629"]
[EventDate "2011.09.08"]
[EventType "swiss"]
[EventRounds "6"]
[EventCountry "CAN"]
[SourceTitle "EXT 2022"]
[Source "ChessBase"]
[SourceDate "2021.10.06"]
[SourceVersion "1"]
[SourceVersionDate "2021.10.06"]
[SourceQuality "1"]

1. e4 c5 2. Nf3 Nc6 3. d4 cxd4 4. Nxd4 Nf6 5. Nc3 e5 6. Ndb5 Nxe4 7. Nxe4 Qa5+ 8. Bd2 Qxb5 9. Bxb5 Be7 10. Bxc6 bxc6 11. Bg5 f6 12. Be3 O-O 13. Bc5 Bxc5 14. Nxc5 Re8 15. Nxd7 Bxd7 16. Qxd7 c5 17. O-O-O Kf8 18. Qd6+ Kf7 19. Qc7+ Re7 20. Rd7 Rae8 21. Rhd1 e4 22. Rxe7+ Rxe7 23. Rd7 Rxd7 24. Qxd7+ Kg6 25. Qxa7 c4 26. Qd4 Kf5 27. a4 g5 28. a5 h5 29. a6 h4 30. a7 Kf4 31. a8=Q f5 32. Qb8+ Kg4 33. f3+ Kh5 34. Qbh8+ Kg6 35. Qdf6# 1-0

[Event "Scarborough CC Howard Ridout U1800"]
[Site "Toronto CAN"]
[Date "2011.09.08"]
[Round "1"]
[White "Gillis, Doug"]
[Black "Ming, Wenyang"]
[Result "1-0"]
[WhiteElo "1594"]
[BlackElo "1182"]
[PlyCount "71"]
[GameId "2160767909648630"]
[EventDate "2011.09.08"]
[EventType "swiss"]
[EventRounds "6"]
[EventCountry "CAN"]
[SourceTitle "EXT 2022"]
[Source "ChessBase"]
[SourceDate "2021.10.06"]
[SourceVersion "1"]
[SourceVersionDate "2021.10.06"]
[SourceQuality "1"]

1. d4 d5 2. Nc3 Nf6 3. Bg5 e6 4. e4 Be7 5. e5 Nfd7 6. Bxe7 Qxe7 7. f4 Qh4+ 8. g3 Qe7 9. Nf3 O-O 10. Bd3 c5 11. Nb5 Nc6 12. Bxh7+ Kxh7 13. Ng5+ Kg8 14. Qh5 Qxg5 15. fxg5 a6 16. Nd6 Nxd4 17. O-O Nxe5 18. Nxf7 Nxf7 19. Rxf7 Rxf7 20. g6 Rd7 21. Rf1 Nf5 22. Qh7+ Kf8 23. g4 Ke8 24. gxf5 exf5 25. Qh8+ Ke7 26. Qxg7+ Kd6 27. Qf6+ Kc7 28. g7 Rxg7+ 29. Qxg7+ Kb8 30. Qf8 Ka7 31. Qxc5+ Kb8 32. Re1 Bd7 33. Qd6+ Kc8 34. Re7 Ra7 35. Qxd7+ Kb8 36. Re8# 1-0

[Event "Scarborough CC Howard Ridout U1800"]
[Site "Toronto CAN"]
[Date "2011.09.08"]
[Round "1"]
[White "Kaneshalingam, Mathanhe"]
[Black "Vyravanathan, Sobiga"]
[Result "0-1"]
[WhiteElo "955"]
[BlackElo "1388"]
[PlyCount "98"]
[GameId "2160767909648631"]
[EventDate "2011.09.08"]
[EventType "swiss"]
[EventRounds "6"]
[EventCountry "CAN"]
[SourceTitle "EXT 2022"]
[Source "ChessBase"]
[SourceDate "2021.10.06"]
[SourceVersion "1"]
[SourceVersionDate "2021.10.06"]
[SourceQuality "1"]

1. d4 Nf6 2. c4 e6 3. Nc3 Bb4 4. e3 Nc6 5. Bd3 O-O 6. Nf3 d5 7. O-O Re8 8. Bd2 e5 9. a3 Bxc3 10. Bxc3 e4 11. h3 exd3 12. Qxd3 Ne4 13. Rfe1 Bf5 14. Qe2 Nxc3 15. bxc3 Be4 16. cxd5 Bxd5 17. c4 Bxf3 18. Qxf3 Qe7 19. c5 Rab8 20. Rac1 Red8 21. Qf4 Qe8 22. Qxc7 Qe4 23. f3 Qe8 24. Qf4 Ne7 25. Qg4 Nd5 26. e4 Nf6 27. Qg3 Rxd4 28. Red1 Qd8 29. Rxd4 Qxd4+ 30. Kh1 Rc8 31. c6 bxc6 32. Rxc6 Qd8 33. Rxc8 Qxc8 34. Kh2 h6 35. Qf2 Qc7+ 36. Kh1 Qc1+ 37. Kh2 Qxa3 38. g4 Qd6+ 39. Kh1 Qb6 40. Qe2 Nd7 41. Qc4 Qc5 42. Qa2 a5 43. Kg2 Qb4 44. Qc2 a4 45. Qa2 Qb3 46. Qa1 a3 47. Qc1 Qb2+ 48. Qxb2 axb2 49. Kg3 b1=Q 0-1

[Event "Scarborough CC Howard Ridout U1800"]
[Site "Toronto CAN"]
[Date "2011.09.08"]
[Round "1"]
[White "Liang, Phillip"]
[Black "Xiao, Jerry"]
[Result "1-0"]
[WhiteElo "1376"]
[BlackElo "912"]
[PlyCount "47"]
[GameId "2160767909648632"]
[EventDate "2011.09.08"]
[EventType "swiss"]
[EventRounds "6"]
[EventCountry "CAN"]
[SourceTitle "EXT 2022"]
[Source "ChessBase"]
[SourceDate "2021.10.06"]
[SourceVersion "1"]
[SourceVersionDate "2021.10.06"]
[SourceQuality "1"]

1. e4 g6 2. d4 Bg7 3. Nc3 d6 4. Be3 Nf6 5. f3 O-O 6. Bc4 c6 7. a4 d5 8. Bb3 e6 9. Qd2 Bd7 10. e5 Ne8 11. O-O-O b5 12. Bh6 Bxh6 13. Qxh6 Ng7 14. g4 Na6 15. Nh3 b4 16. Ne2 f5 17. Ng5 Re8 18. Qxh7+ Kf8 19. Qxg6 Re7 20. Nh7+ Kg8 21. Nf6+ Kf8 22. Nf4 Be8 23. Qh7 c5 24. Qg8# 1-0

[Event "Scarborough CC Howard Ridout U1800"]
[Site "Toronto CAN"]
[Date "2011.09.08"]
[Round "1"]
[White "Lin, Benjamin1"]
[Black "Azmitia, Gabriel"]
[Result "0-1"]
[WhiteElo "1166"]
[BlackElo "1591"]
[PlyCount "92"]
[GameId "2160767909648633"]
[EventDate "2011.09.08"]
[EventType "swiss"]
[EventRounds "6"]
[EventCountry "CAN"]
[SourceTitle "EXT 2022"]
[Source "ChessBase"]
[SourceDate "2021.10.06"]
[SourceVersion "1"]
[SourceVersionDate "2021.10.06"]
[SourceQuality "1"]

1. c4 c5 2. Nf3 Nf6 3. Nc3 Nc6 4. g3 g6 5. Bg2 d5 6. cxd5 Nxd5 7. Nxd5 Qxd5 8. O-O Bg7 9. d3 O-O 10. e4 Qd8 11. a3 Bg4 12. Qb3 b6 13. Be3 Be6 14. Qc2 Na5 15. Nd2 Qd7 16. f4 Rad8 17. Nc4 Qxd3 18. Qxd3 Rxd3 19. Nxa5 Rxe3 20. Nc6 Bxb2 21. Nxe7+ Kg7 22. Rfe1 Rxe1+ 23. Rxe1 c4 24. Re2 c3 25. e5 Rd8 26. Kf2 Bc4 27. Rc2 Bd3 28. Rxc3 Bxc3 29. Nc6 Rd7 30. Nb8 Rc7 31. Nc6 a5 32. Ke3 Bb5 33. Nd4 Bxd4+ 34. Kxd4 Bc6 35. Bxc6 Rxc6 36. Kd5 Rc8 37. g4 b5 38. f5 b4 39. f6+ Kf8 40. axb4 axb4 41. e6 fxe6+ 42. Ke5 b3 43. Kf4 b2 44. Kg5 b1=Q 45. Kh6 Rc2 46. Kxh7 Rxh2# 0-1

[Event "Scarborough CC Howard Ridout U1800"]
[Site "Toronto CAN"]
[Date "2011.09.08"]
[Round "1"]
[White "Lin, William"]
[Black "Zhang, John"]
[Result "0-1"]
[WhiteElo "1362"]
[BlackElo "1677"]
[PlyCount "94"]
[GameId "2160767909648634"]
[EventDate "2011.09.08"]
[EventType "swiss"]
[EventRounds "6"]
[EventCountry "CAN"]
[SourceTitle "EXT 2022"]
[Source "ChessBase"]
[SourceDate "2021.10.06"]
[SourceVersion "1"]
[SourceVersionDate "2021.10.06"]
[SourceQuality "1"]

1. e4 e5 2. f4 exf4 3. Nf3 d6 4. d4 Be7 5. Bxf4 Nf6 6. Nc3 O-O 7. Bc4 Nbd7 8. O-O Nb6 9. Bb3 Bg4 10. Qd2 Qd7 11. h3 Bh5 12. Rae1 Rad8 13. Qf2 c5 14. dxc5 dxc5 15. a3 c4 16. Ba2 Qc8 17. Qg3 Bg6 18. Ne5 Nh5 19. Qf3 Nxf4 20. Qxf4 Qc5+ 21. Kh1 Bd6 22. Nd5 f6 23. Nxb6 axb6 24. Bxc4+ Kh8 25. Nxg6+ hxg6 26. Qh4+ Qh5 27. Qxh5+ gxh5 28. Bd5 Rc8 29. c4 Rc7 30. e5 Be7 31. exf6 Rxf6 32. Rxf6 Bxf6 33. b3 Rd7 34. a4 Kh7 35. Kg1 Bc3 36. Rd1 Re7 37. Rd3 Bb4 38. Kf2 g5 39. Kf3 Bc5 40. g4 h4 41. Rd2 Re3+ 42. Kg2 Rg3+ 43. Kf1 Rxh3 44. Bg2 Rxb3 45. Rd5 Rb1+ 46. Ke2 Rb2+ 47. Kf3 Rf2+ 0-1